| 000 | 00275nam a2200133 i 4500 | ||
|---|---|---|---|
| 001 | bg | ||
| 245 | 0 | _aMechanika tverdogo tela. | |
| 250 | _aVyp.4. | ||
| 260 |
_aKiew, _c1972. |
||
| 040 | _cBPK | ||
| 041 | _apol | ||
| 942 | _cKS | ||
| 008 | s pl f |000 0 pol | ||
| 999 |
_c14923 _d14923 |
||
| 856 |
_uhttp://koha.tu.koszalin.pl/cgi-bin/koha/opac-detail.pl?biblionumber=14923 _yKatalog online BPK |
||